000 01029nam a2200313Ia 4500
003 OSt
005 20221006153419.0
006 a|||||r|||| 00| 0
007 ta
008 221006b |||||||| |||| 00| 0 eng d
020 _a9788988095447
_cW20,000 (each)
024 _a32,275
037 _bGift, Korean Embassy
_cTextual
040 _aEASL
_cEASL
_beng
041 _2eng
_aeng
082 _aX:326.4951, P3
100 _aHART Dennis
_9663812
245 0 _aFrom tradition to consumption
_b Construction of a capitalist culture in South Korea
260 _aSeoul
_bJimoondang Korea
_c2003
300 _a200p.
_ccm.
490 _v KEL
_aKorean studies dissertation series no.2
650 _a KEL
650 _a Korea - Advertising
_9663813
650 _a Korea - Housewife
_9663814
650 _a Korea - Industrialization and family
_9663815
650 _aCapitalism - Korea - South
_9663816
942 _hX:326.4951, P3
_cTEXL
_2CC
999 _c1100361
_d1100361